000 00339nam a2200157Ia 4500
008 200305s9999 xx 000 0 und d
082 _a910.02
082 _bTIG
100 _aTIWARI R C
245 _aGEOGRAPHY IN INDIA
250 _a2008
260 _aNEW DELHI
_bPRAGATI PUB
300 _a840
650 _aGEOGRAPHY
999 _c37679
_d37679
041 _aeng